The management of general practice surveying firms (Record no. 91562)
[ view plain ]
| 000 -LEADER | |
|---|---|
| fixed length control field | 00648cam a2200229 4500 |
| 008 - FIXED-LENGTH DATA ELEMENTS--GENERAL INFORMATION | |
| fixed length control field | 090401t1987 xxu||||| |||| 00| 0 eng d |
| 020 ## - INTERNATIONAL STANDARD BOOK NUMBER | |
| International Standard Book Number | 0704908476 |
| 035 ## - SYSTEM CONTROL NUMBER | |
| System control number | (Sirsi) u44579 |
| 041 0# - LANGUAGE CODE | |
| Language code of text/sound track or separate title | eng |
| 050 04 - LIBRARY OF CONGRESS CALL NUMBER | |
| Classification number | 658.91333 $2 18 |
| 100 1# - MAIN ENTRY--PERSONAL NAME | |
| Personal name | Avis, M. R. |
| 245 04 - TITLE STATEMENT | |
| Title | The management of general practice surveying firms |
| 260 ## - PUBLICATION, DISTRIBUTION, ETC. | |
| Place of publication, distribution, etc. | Reading |
| Name of publisher, distributor, etc. | University of Reading |
| Date of publication, distribution, etc. | 1987 |
| 300 ## - PHYSICAL DESCRIPTION | |
| Extent | vi, 32, 14p. |
| Dimensions | 30cm. |
| 350 ## - PRICE (NR) (BK AM CF MU VM SE) [OBSOLETE] | |
| Price | 10 |
| 490 #0 - SERIES STATEMENT | |
| Series statement | Research Papers in Land Management and Development |
| Volume/sequential designation | (1) |
| 651 #4 - SUBJECT ADDED ENTRY--GEOGRAPHIC NAME | |
| Geographic name | United Kingdom |
| Chronological subdivision | |
| 690 ## - LOCAL SUBJECT ADDED ENTRY--TOPICAL TERM (OCLC, RLIN) | |
| Topical term or geographic name as entry element | MANAGEMENT-BUSINESS MANAGEMENT |
| 700 1# - ADDED ENTRY--PERSONAL NAME | |
| Personal name | Gibson, V. A. |
| 942 ## - ADDED ENTRY ELEMENTS (KOHA) | |
| Suppress in OPAC | 0 |
| 948 ## - LOCAL PROCESSING INFORMATION (OCLC); SERIES PART DESIGNATOR (RLIN) | |
| c (OCLC) | 04/03/1997 |
| Withdrawn status | Lost status | Source of classification or shelving scheme | Damaged status | Not for loan | Home library | Current library | Shelving location | Date acquired | Cost, normal purchase price | Total Checkouts | Full call number | Barcode | Date last seen | Date last checked out | Copy number | Cost, replacement price | Price effective from | Koha item type |
|---|---|---|---|---|---|---|---|---|---|---|---|---|---|---|---|---|---|---|
| Dewey Decimal Classification | London | London | Basement | 14/09/1999 | 10.00 | 2 | BASEMENT | 30017769 | 06/08/2019 | 05/01/2004 | 1 | 10.00 | 06/08/2019 | Book | ||||
| Dewey Decimal Classification | London | London | Folio | 16/08/1993 | 10.00 | 3 | BASEMENT | 30039353 | 06/08/2019 | 19/12/2007 | 2 | 10.00 | 06/08/2019 | Book |